| 000 | 00981nam a2200277Ia 4500 | ||
|---|---|---|---|
| 003 | OSt | ||
| 005 | 20221007123349.0 | ||
| 006 | a|||||r|||| 00| 0 | ||
| 007 | ta | ||
| 008 | 221006b |||||||| |||| 00| 0 eng d | ||
| 020 |
_a0387951288 (pbk) _cEuro 79.95 |
||
| 024 | _a10001 | ||
| 037 |
_bUnilib, _cTextual |
||
| 040 |
_aPAPL _cPAPL _beng |
||
| 041 |
_2eng _aeng |
||
| 082 | _aB7, P3 | ||
| 100 |
_aGreiner Walter _9466791 |
||
| 245 | 0 | _aClassical mechanics: systems of particles and hamiltonian dynamics by Walter Greiner | |
| 260 |
_aNew _bYork Springer-Verlag _c2003 |
||
| 300 |
_axx, 542p _ccm. |
||
| 490 | _aClassical theoretical physics | ||
| 500 | _aIndex 537-542p; ^n23/CSL/CARPA/2002-03/483^d2002-11-21^mPurchase; ; 2002-03/499^b2002-12-09^c225^d2002-11-23^eRs.3,513.00^fUnilib Book Distributors; ; 2003-01-24^bSB^c2003-04-25^dRPS | ||
| 650 | _aMechanics | ||
| 942 |
_hB7, P3 _cTEXL _2CC |
||
| 999 |
_c1211759 _d1211759 |
||